00000000nam##2200000za#4500
0019.599250
003CaOODSP
00520210624204956
007cr |||||||||||
008150406|2001||||xxc|||||o    f|0| 0 fre|d
040 |aCaOODSP|bfre
043 |an-cn---
0861 |aBT31-2/2002-III-1F-PDF
1101 |aCanada. |bConseil du trésor.
24510|aAgriculture et agroalimentaire Canada, budget des dépenses 2001-2002, partie III, rapport sur les plans et les priorités |h[ressource électronique]
2463 |aAgriculture et agroalimentaire Canada, budget des dépenses 2001-2002, rapport sur les plans et les priorités
260 |aOttawa - Ontario : |bSecrétariat du Conseil du Trésor du Canada |cc2001.
300 |a67p.|bgraphiques, organigramme, tableaux, photographies
4901 |aBudget des dépenses 2001-2002. Partie III, Rapport sur les plans et les priorités |v2001-2002
500 |aLe n° de catalogue (BT31-2/2002-III-1) et l’ISBN (0-660-61448-0) de l’édition imprimée bilingue ont été incorrectement copiés dans cette édition électronique.
590 |a10-14-Supp|b2010-12-03
77508|tAgriculture and Agri-Food Canada, 2001-2002 estimates, part III, report on plans and priorities |w(CaOODSP)9.567937
7760#|tAgriculture and Agri-Food Canada |w(CaOODSP)9.534328
7760#|tAgriculture et Agroalimentaire Canada |w(CaOODSP)9.534329
830#0|aBudget des dépenses 2001-2002. Partie III, Rapport sur les plans et les priorités ;|v2001-2002|w(CaOODSP)9.502575
85640|ahttp://publications.gc.ca|qPDF|s751 Ko|uhttps://publications.gc.ca/collections/Collection/BT31-2-2002-III-1F.pdf|y2001-2002